<?xml version="1.0" encoding="UTF-8"?>
<record
    xmlns:xsi="http://www.w3.org/2001/XMLSchema-instance"
    xsi:schemaLocation="http://www.loc.gov/MARC21/slim http://www.loc.gov/standards/marcxml/schema/MARC21slim.xsd"
    xmlns="http://www.loc.gov/MARC21/slim">

  <leader>02107    a2200205   4500</leader>
  <controlfield tag="001">28416</controlfield>
  <controlfield tag="005">20260407155556.0</controlfield>
  <controlfield tag="008">260407a1990    arg                 spa d</controlfield>
  <controlfield tag="003">AR-UNSa-BCEJYS</controlfield>
  <datafield tag="040" ind1=" " ind2=" ">
    <subfield code="a">AR-UNSa-BCEJYS</subfield>
    <subfield code="b">spa</subfield>
    <subfield code="c">AR-UNSa-BCEJYS</subfield>
  </datafield>
  <datafield tag="080" ind1=" " ind2=" ">
    <subfield code="a">347.44</subfield>
    <subfield code="x">Contratos en general. Obligaciones </subfield>
  </datafield>
  <datafield tag="245" ind1="1" ind2="0">
    <subfield code="a">Contratos civiles y comerciales</subfield>
    <subfield code="p">Partes general y especial. Figuras contractuales modernas</subfield>
  </datafield>
  <datafield tag="020" ind1=" " ind2=" ">
    <subfield code="a">950-508-320-3</subfield>
  </datafield>
  <datafield tag="264" ind1=" " ind2="1">
    <subfield code="a">Buenos Aires :</subfield>
    <subfield code="b">Astrea</subfield>
    <subfield code="c">1990</subfield>
  </datafield>
  <datafield tag="300" ind1=" " ind2=" ">
    <subfield code="a">xlvii, 647 p.</subfield>
    <subfield code="c">20 cm.</subfield>
  </datafield>
  <datafield tag="505" ind1=" " ind2=" ">
    <subfield code="a">1. Punto de partida metodol&#xF3;gico para el estudio del contrato - 2. Presupuestos del contrato - 3. El contrato - 4. La causa de los contratos - 5. El objeto - 6. Consentimiento - 7. Forma de los contratos - 8. La prueba de los contratos - 9. Causas que afectan los elementos estructurales del contrato - 10. intrepretaci&#xF3;n del contrato - 11. efectos de los contratos - 12. extinci&#xF3;n de los contratos - 13. Carecterizaci&#xF3;n de los contratos para su clasificaci&#xF3;n - 14. Equivalencia e inequivalencia de los contratos. Lesi&#xF3;n subjetiva-objetiva. Imprevisi&#xF3;n - 15. Frustraci&#xF3;n del contrato por decisi&#xF3;n voluntaria. Se&#xF1;al o arras. El pacto comisorio - 16. Los efectos poscumplimiento. Garant&#xED;a de evicci&#xF3;n y vicios redhibitorios - 17. La caracterizaci&#xF3;n contractual - 18. Contrato de transferencias de bienes - 19. Contrato de locaci&#xF3;n - 20. Contrato de transferencia de tenencia - 21. Contrato de sociedad - 22. Contrato de juego y apuesta - 23. Contrato de fianza - 24. Contrato de representaci&#xF3;n - 25. Hipercentro de consumo. Franchising y otros institutos - 26. Joint venturas - 27. Factoring - 28. Underwriting - 29. Ahorro previo - 30. Prestaci&#xF3;n medica prepaga - 31. Seguro de retiro - 32. Contratos de prestaci&#xF3;n profesional - 33. Contratos de fines recreativos - 34. Producci&#xF3;n de obra discogr&#xE1;fica, cinematogr&#xE1;fica y televisiva - 35. Garaje, estacionamiento y parqu&#xED;metro - 36. Contratos inform&#xE1;ticos - 37. Tarjeta de cr&#xE9;dito - 38. Transporte    </subfield>
  </datafield>
  <datafield tag="942" ind1=" " ind2=" ">
    <subfield code="c">BK</subfield>
  </datafield>
  <datafield tag="590" ind1=" " ind2=" ">
    <subfield code="a">niveau_biblio:m niveau_hierar:0</subfield>
  </datafield>
  <datafield tag="100" ind1="1" ind2=" ">
    <subfield code="a">Ghersi, Carlos Alberto</subfield>
  </datafield>
  <datafield tag="999" ind1=" " ind2=" ">
    <subfield code="c">1713</subfield>
    <subfield code="d">1713</subfield>
  </datafield>
  <datafield tag="952" ind1=" " ind2=" ">
    <subfield code="0">0</subfield>
    <subfield code="1">0</subfield>
    <subfield code="4">0</subfield>
    <subfield code="7">0</subfield>
    <subfield code="a">BCEJYS</subfield>
    <subfield code="b">BCEJYS</subfield>
    <subfield code="c">16</subfield>
    <subfield code="d">2026-04-07</subfield>
    <subfield code="l">0</subfield>
    <subfield code="o">347.44 G413</subfield>
    <subfield code="p">L119983</subfield>
    <subfield code="r">2026-04-07 15:55:56</subfield>
    <subfield code="w">2026-04-07</subfield>
    <subfield code="y">L</subfield>
  </datafield>
</record>
